00603 2200193 4500001002100000008004100021035002000062245012600082100002000208250001000228260004200238300003100280020002200311084001600333082001000349650002600359990001200385990001200397INLIS000000000015313 ind  a0010-1222000392 aSeni MendengarkanbMendengar yang Tak Terucap, Memahami yang Tak TersampaikancMuthia Sayekti; penyunting, Herman Adamson aMUTHIA, Sayekti acet.1 aYogyakarta :bPsikologi Corner,c2021 aix, 148 hal.: ilus.c20 cm a978-623-244-556-7 a153.6 MUT s a153.6 aPSIKOLOGI. KOMUNIKASI a10295 a a10295 b